Top 5 Minnesota Timberwolves Players Per Position - Statistics

General Stats
  • This quiz has been taken 324 times
    132 since last reset
  • The average score is 10 of 25
Answer Stats
Position # Player WS % Correct
SG 1 Anthony Edwards 31.4
97%
PF 1 Kevin Garnett 139.8
97%
C 1 Karl-Anthony Towns 75.0
95%
C 2 Rudy Gobert 38.3
87%
PG 3 Mike Conley 17.8
76%
PF 2 Kevin Love 47.0
71%
PG 1 Ricky Rubio 26.4
62%
PG 4 Sam Cassell 15.9
61%
SF 3 Jaden McDaniels 23.1
59%
SF 4 Andrew Wiggins 14.4
54%
SF 1 Wally Szczerbiak 41.0
47%
C 4 Naz Reid 24.7
43%
PF 5 Joe Smith 17.6
25%
PF 3 Tom Gugliotta 19.0
25%
PF 4 Christian Laettner 19.0
19%
C 3 Gorgui Dieng 26.5
17%
C 5 Nikola Peković 18.8
17%
SG 3 Doug West 16.9
12%
SF 2 Sam Mitchell 32.9
12%
PG 2 Terrell Brandon 23.1
12%
PG 5 Pooh Richardson 14.4
8%
SG 4 Trenton Hassell 11.6
7%
SG 2 Anthony Peeler 17.5
6%
SG 5 Fred Hoiberg 11.3
2%
SF 5 Tyrone Corbin 12.4
1%
No matching quizzes found
Score Distribution
Percent of People with Each Score
Percentile by Number Answered
Your Score History
You have not taken this quiz since the last reset